000 00310nam a22001337a 4500
008 171016b xxu||||| |||| 00| 0 eng d
020 _a9780030189593
041 _aeng
080 _a33
100 _a52
101 _aEKO
245 _aA NEW VIEW OF COMPARATIVE ECONOMIC SYSTEMS
_cKENNETT,D
942 _2udc
_cBK
999 _c34013
_d34013